Which changes for transport in the next century? introductory reports and summary of discussions

Enregistré dans:
Détails bibliographiques
Format: Livre
Langue:anglais
Publié: Paris ECMT 1999
Sujets:
Tags: Ajouter un tag
Pas de tags, Soyez le premier à ajouter un tag!

MARC

LEADER 00000nam a2200000 4500
001 c120239
005 20221221083931.4
020 |a 92-821-1241-1 
041 0 |a eng 
044 |a FR 
245 1 0 |a Which changes for transport in the next century?  |b introductory reports and summary of discussions 
264 1 |a Paris  |b ECMT  |c 1999 
300 |a 459 s. 
610 2 0 |a doprava 
610 2 0 |a ministerstvá 
610 2 0 |a technológia 
610 2 0 |a regulácia 
610 2 0 |a konkurencia 
610 2 0 |a plánovanie strategické 
610 2 0 |a financovanie 
610 2 0 |a infraštruktúra 
610 2 0 |a manažment 
610 2 0 |a ceny 
610 2 0 |a Európa 
610 2 0 |a SVE